000 00208 a2200097 4500
001 57492
100 _a
245 _aMinto dramy
260 _aLahore
_bSang-e- Meel Publications
_c1996
090 _c35222
_d35222
942 _aNUST-CAE
_c
_c28028
999 _c292565
_d292565